书目信息 |
| 题名: |
高酸气田投产试运营常见故障分析
|
|
| 作者: | 王和琴 , 陈惟国 主编 | |
| 分册: | ||
| 出版信息: | 北京 中国石化出版社 2013.08 |
|
| 页数: | 240页 | |
| 开本: | 26cm | |
| 丛书名: | ||
| 单 册: | ||
| 中图分类: | TE37 | |
| 科图分类: | ||
| 主题词: | 气田开发 , 天然气开采 | |
| 电子资源: | ||
| ISBN: | 978-7-5114-2287-3 | |
| 000 | 00699nam0 2200217 450 | |
| 001 | 245 | |
| 005 | 20160905101805.62 | |
| 010 | @a978-7-5114-2287-3@dCNY50.00 | |
| 100 | @a20160721d2013 km y0chiy0120 ea | |
| 101 | 0 | @achi |
| 102 | @aCN@b110000 | |
| 200 | 1 | @a高酸气田投产试运营常见故障分析@Agao suan qi tian tou chan shi yun ying chang jian gu zhang fen xi@f王和琴,陈惟国主编@Fwang he qin,chen wei guo zhu bian |
| 210 | @a北京@c中国石化出版社@d2013.08 | |
| 215 | @a240页@d26cm | |
| 606 | 0 | @a气田开发 |
| 606 | 0 | @a天然气开采 |
| 690 | @aTE37@v4 | |
| 701 | 0 | @a王和琴@Awang he qin@4主编 |
| 701 | 0 | @a陈惟国@Achen wei guo@4主编 |
| 801 | 0 | @aCN@b唐山师范学院图书馆@c20160721 |
| 905 | @aZUCC@dTE37@e38 | |
| 高酸气田投产试运营常见故障分析/王和琴,陈惟国主编.-北京:中国石化出版社,2013.08 |
| 240页;26cm |
| ISBN 978-7-5114-2287-3:CNY50.00 |
| ● |
| 相关链接 |
|
|
|
|
正题名:高酸气田投产试运营常见故障分析
索取号:TE37/38
 
预约/预借
| 序号 | 登录号 | 条形码 | 馆藏地/架位号 | 状态 | 备注 |
| 1 | 901028 | 209010283 | 第二样本阅览室/ [索取号:TE37/38] | 在馆 | |
| 2 | 901029 | 209010292 | 第三借阅区/ [索取号:TE37/38] | 在馆 | |
| 3 | 901030 | 209010309 | 第三借阅区/ [索取号:TE37/38] | 在馆 | |
| 4 | 901031 | 209010318 | 第三借阅区/ [索取号:TE37/38] | 在馆 |